LIBRARY & INFORMATION CENTRE, KCAET, TAVANUR

ONLINE PUBLIC ACCESS CATALOGUE (OPAC)

Insect control by Chemicals / (Record no. 1380)

MARC details
000 -LEADER
fixed length control field 00436cam a2200181ua 4500
041 ## - LANGUAGE CODE
Language code of text/sound track or separate title eng
082 ## - DEWEY DECIMAL CLASSIFICATION NUMBER
Classification number 632.951
Item number BRO/IN
100 ## - MAIN ENTRY--AUTHOR NAME
Personal name Brown, A W A .
245 ## - TITLE STATEMENT
Title Insect control by Chemicals /
250 ## - EDITION STATEMENT
Edition statement 1 /
260 ## - PUBLICATION, DISTRIBUTION, ETC. (IMPRINT)
Place of publication London :
Name of publisher John Wiley & Sons ,
Year of publication 1961.
300 ## - PHYSICAL DESCRIPTION
Number of Pages 817 ; .
942 ## - ADDED ENTRY ELEMENTS (KOHA)
Koha item type Books
Holdings
Withdrawn status Lost status Damaged status Home library Current library Date acquired Full call number Accession Number Koha item type
      KAUAET KAUAET 07/04/2012 632.951 5963 Books
free website counter